Statistics for WWE Finishers Quiz (Medium Difficulty)

Click here to take the quiz!

General Stats

  • This quiz has been taken 9 times
  • The average score is 28 of 44

Answer Stats

HintAnswer% Correct
Kimura LockBrock Lesnar
100%
Figure Four LeglockRic Flair
100%
Cross RhodesCody Rhodes
100%
Claymore KickDrew McIntyre
100%
Five-Star Frog SplashRob Van Dam
100%
Angle SlamKurt Angle
100%
Sharpshooter (Female)Natalya
83%
Atomic Leg DropHulk Hogan
83%
Ram-PaigePaige
83%
Dis-arm-herBecky Lynch
83%
CodebreakerChris Jericho
83%
CobraSantino Marella
83%
KillswitchChristian
83%
Jackknife PowerbombDiesel
83%
Bank StatementSasha Banks
83%
Swanton BombJeff Hardy
67%
Razor's EdgeScott Hall/Razor Ramon
67%
Bonzai DropYokozuna
67%
Black WidowAJ Lee
67%
Last RideUndertaker
67%
Perfect-PlexCurt Hennig/Mr Perfect
67%
AccoladeRusev
67%
Sharpshooter (Male)Bret Hart
67%
The FrogsplashEddie Guerrero
67%
Glam SlamBeth Phoenix
67%
Big EndingBig E
67%
Starship PainJohn Morrison
50%
Diamond Cutter"Diamond" Dallas Page
50%
Crippler CrossfaceChris Benoit
50%
NeutralizerCesaro
50%
Ripcord Knee (Old)Seth Rollins
50%
Bo-DogBo Dallas
50%
Top Rope Elbow DropRandy Savage
50%
Running KneeDaniel Bryan
50%
BullhammerWade Barrett
50%
Calf CrusherAJ Styles
50%
630 Splash/SentonRicochet
50%
Discus ClotheslineLuke Harper
50%
Texas CloverleafDean Malenko
33%
450 SplashJustin Gabriel
33%
Camel ClutchJinder Mahal
17%
Heatseeking ElbowCurt Hawkins
17%
Dr Smoothe's Secret RecipeThe Brian Kendrick
17%
Da Shout OutJTG
17%

Score Distribution

Percentile by Number Answered

Percent of People with Each Score

Your Score History

You have not taken this quiz